00281nam a2200097Ia 4500008004100000020001800041100001400059245005800073260003800131300001400169180116s9999 xx 000 0 und d a9780815345374 aMilo, Ron cRon Milo, Rob PhillipsaCell Biology by the numbers / bTaylor & Francis Group Inc.c2016 a356 pages